Statistics for Madonna Quiz

Click here to take the quiz!

General Stats

  • This quiz has been taken 3,836 times
    (3,818 since last reset)
  • The average score is 13 of 20

Answer Stats

Hint Answer % Correct
Her first number #1 hitLike a {Virgin}
99%
She was heavily influenced by this 1950s actressMarilyn Monroe
93%
One of her most iconic hits. Also one of Madonna's nicknames{Material} Girl
91%
She starred in this movie about the first lady of ArgentinaEvita
86%
"Mystic River" star she married in 1985Sean Penn
83%
This song was condemned by the Vatican Like a {Prayer}
80%
Song title that rhymes with "Perish"Cherish
79%
This song mentions celebrities like Grace Kelly, Jean Harlow, and Rita HayworthVogue
74%
English filmmaker she married in 2000Guy Ritchie
73%
Singers who she kissed at the 2003 VMA music awards (name either)Britney Spears and
Christina Aguilera
73%
Fill in the song title. "Get ___ ___ _____ / Boy you've got to prove / Your love to me"Into the Groove
58%
Madonna practices this type of Jewish mysticismKabbalah
56%
Her last nameCiccone
51%
She starred in this detective movieDick Tracy
50%
Weird Al's parody of the aboveLike a {Surgeon}
48%
Her first greatest hits albumThe {Immaculate}
Collection
45%
Madonna sang the theme song to this 2002 James Bond movieDie Another Day
38%
Coffee table book of erotic pictures produced by MadonnaSex
36%
Amount of time that Madonna has to save the world - in this song
featuring Justin Timberlake and Timbaland
4 Minutes
33%
This 2005 song features a sample from ABBA's "Gimme! Gimme! Gimme!"Hung Up
28%

Score Distribution

Percentile by Number Answered

Percent of People with Each Score

Your Score History

You have not taken this quiz since the last reset